Refugee cities: how Afghans changed urban Pakistan (Record no. 67220)

MARC details
000 -LEADER
fixed length control field 00453nam a22001697a 4500
005 - DATE AND TIME OF LATEST TRANSACTION
control field 20260413181556.0
008 - FIXED-LENGTH DATA ELEMENTS--GENERAL INFORMATION
fixed length control field 260413b |||||||| |||| 00| 0 eng d
020 ## - INTERNATIONAL STANDARD BOOK NUMBER
International Standard Book Number 9789697834662
040 ## - CATALOGING SOURCE
Transcribing agency PK-LaNCA
082 ## - DEWEY DECIMAL CLASSIFICATION NUMBER
Classification number 325.2109-
Item number SAN
100 ## - MAIN ENTRY--PERSONAL NAME
Author Name Sanaa Alimia
245 ## - TITLE STATEMENT
Title Refugee cities: how Afghans changed urban Pakistan
260 ## - PUBLICATION, DISTRIBUTION, ETC.
Place of publication, distribution, etc. Folio Books
Name of publisher, distributor, etc. Lahore
Date of publication, distribution, etc. 2022
300 ## - PHYSICAL DESCRIPTION
Pages xxxviii, 228p
650 ## - SUBJECT ADDED ENTRY--TOPICAL TERM
Subject Refugee, Afghan - Pakistan
942 ## - ADDED ENTRY ELEMENTS (KOHA)
Koha item type Book
999 ## -
-- 67220
-- 67220
Holdings
Withdrawn status Weedout from Library Permanent Location Current Location Shelving location Date acquired Full call number Barcode Price effective from Koha item type
    NATIONAL COLLEGE OF ARTS, LAHORE - LIBRARY NATIONAL COLLEGE OF ARTS, LAHORE - LIBRARY General Section Library Basement 13/04/2026 325.2109- SAN 38169 38169 13/04/2026 Book